Premier League Equipos 2024-25 - Estadísticas

Estadísticas generales
  • Esta prueba ha sido intentada 349 veces
  • La puntuación promedio es 15 de 20
Estadísticas de respuestas
Premier League % Correcto
Manchester United
100%
Manchester City
99%
Arsenal
96%
Liverpool
96%
Chelsea
93%
Tottenham Hotspur
92%
Aston Villa
84%
Wolverhampton Wanderers
82%
Leicester City
74%
Nottingham Forest
71%
West ham United
70%
Brighton
67%
Newcastle United
67%
Everton
65%
Brentford
57%
Crystal Palace
57%
Fulham
55%
Bournemouth
54%
Ipswich Town
52%
Southampton
52%
No se encontraron pruebas coincidentes
Distribución de puntuación
Porcentaje de gente con cada puntuación
Porcentaje por número respondido
Historial de tus puntuaciones
No has intentado esta prueba.